000 01060nam a2200217 a 4500
001 000007635
005 20200929154236.0
008 910226s1990 ck 000 0 spa d
040 _aDO-SdBNP
_bspa
_cDLC
_dBNPHU
082 _a354.861
_bC718d
110 1 _aColombia.
_bPresidente (1986-1990 : Barco)
_921183
245 1 0 _aDiscursos :
_b1986-1990 /
_cVirgilio Barco.
260 _aBogotá :
_bPresidencia de la República,
_c1990.
300 _a5 v. ;
_c24 cm.
500 _aLa biblioteca posee los volúmenes 1, 2 y 3.
505 0 _gVol. 1.
_tReforma política y cambio democrático. Mensajes de año nuevo a la nación --
_gVol. 2.
_tPaz, lucha contra el narcotráfico y orden público --
_gVol. 3.
_tEconomía social --
_gVol. 4.
_tPolítica exterior --
_gVol. 5.
_tDerechos humanos y libertad de prensa. Política indigenista y protección del medio ambiente. Cultura, educación y deporte. Homenajes y condecoraciones.
651 4 _aColombia
_xPolítica Y Gobierno
_y1974-
_94119
650 4 _aDiscursos políticos
_zColombia
_921184
910 _aWM
049 _aBNGR
999 _c7415
_d7415